000 00362nam a2200121 4500
999 _c13626
_d13626
008 190329b ||||| |||| 00| 0 eng d
100 _937962
_aTorregoza, Hannah L.
245 _aAffordable cancer treatment bill pushed/
_cHannah L. Torregoza
260 _aPhilippines
_bManila Bulletin
_cc2018
300 _apage 3.
650 0 _937963
_aCancer.
942 _2ddc
_cPER